<?xml version="1.0" encoding="UTF-8"?>
<resp>
  <nextPage>https://data.bn.org.pl/api/networks/bibs.marcxml?marc=001+b0000080024175&amp;sinceId=80024176</nextPage>
  <collection>
    <record xmlns='http://www.loc.gov/MARC21/slim'><leader>01532nam a2200433 i 4500</leader><controlfield tag='001'>b0000080024175</controlfield><controlfield tag='005'>20251217085132.1</controlfield><controlfield tag='008'>060512s2004    pl      r     010 0 pol d</controlfield><controlfield tag='009'>9912890427205606</controlfield><datafield ind1=' ' ind2=' ' tag='035'><subfield code='a'>990001361860307664-48omnis_network</subfield></datafield><datafield ind1=' ' ind2=' ' tag='035'><subfield code='a'>(Aleph)000136186SGH01</subfield></datafield><datafield ind1=' ' ind2=' ' tag='035'><subfield code='a'>(PL)b0000080024175</subfield></datafield><datafield ind1=' ' ind2=' ' tag='040'><subfield code='a'>SGH</subfield><subfield code='c'>SGH</subfield><subfield code='d'>SGH</subfield></datafield><datafield ind1='2' ind2='0' tag='111'><subfield code='a'>Seminarium o stanie gospodarki polskiej</subfield><subfield code='n'>2</subfield><subfield code='d'>22 listopad 2004 r.</subfield><subfield code='c'>Warszawa</subfield><subfield code='e'>Szkoła Główna Handlowa</subfield></datafield><datafield ind1='1' ind2='0' tag='245'><subfield code='a'>Sprawozdanie z II Seminarium o stanie gospodarki polskiej /</subfield><subfield code='c'>[oprac. Dariusz Malinowski] ; Szkoła Główna Handlowa.</subfield></datafield><datafield ind1=' ' ind2=' ' tag='260'><subfield code='a'>Warszawa :</subfield><subfield code='b'>[b.w.],</subfield><subfield code='c'>2004.</subfield></datafield><datafield ind1=' ' ind2=' ' tag='300'><subfield code='a'>14 k. ;</subfield><subfield code='c'>30 cm.</subfield></datafield><datafield ind1=' ' ind2=' ' tag='380'><subfield code='a'>Książki</subfield></datafield><datafield ind1=' ' ind2='7' tag='648'><subfield code='a'>2001-</subfield><subfield code='2'>DBN</subfield></datafield><datafield ind1=' ' ind2='9' tag='648'><subfield code='a'>2001</subfield></datafield><datafield ind1=' ' ind2='7' tag='648'><subfield code='a'>1901-2000</subfield><subfield code='2'>DBN</subfield></datafield><datafield ind1=' ' ind2='7' tag='648'><subfield code='a'>1989-2000</subfield><subfield code='2'>DBN</subfield></datafield><datafield ind1=' ' ind2='7' tag='650'><subfield code='a'>Gospodarka</subfield><subfield code='2'>DBN</subfield></datafield><datafield ind1=' ' ind2='7' tag='651'><subfield code='a'>Polska</subfield><subfield code='2'>DBN</subfield></datafield><datafield ind1=' ' ind2='9' tag='655'><subfield code='a'>Materiały konferencyjne.</subfield></datafield><datafield ind1=' ' ind2=' ' tag='658'><subfield code='a'>Gospodarka, ekonomia, finanse</subfield></datafield><datafield ind1='1' ind2=' ' tag='700'><subfield code='a'>Malinowski, Dariusz</subfield><subfield code='e'>Opracowanie</subfield></datafield><datafield ind1='2' ind2=' ' tag='710'><subfield code='a'>Szkoła Główna Handlowa (Warszawa)</subfield></datafield><datafield ind1=' ' ind2=' ' tag='852'><subfield code='b'>48OMNIS_NETWORK</subfield><subfield code='8'>9912890427205606</subfield></datafield><datafield ind1=' ' ind2=' ' tag='852'><subfield code='b'>48OMNIS_WSE</subfield><subfield code='8'>990001361860307664</subfield></datafield><datafield ind1=' ' ind2=' ' tag='852'><subfield code='8'>2266494400007664</subfield><subfield code='j'>1</subfield><subfield code='b'>BG</subfield><subfield code='p'>165188</subfield><subfield code='c'>AKG</subfield><subfield code='z'>D.123/06</subfield></datafield></record>
  </collection>
</resp>
